000 00372nam a2200157Ia 4500
008 230917s9999||||xx |||||||||||||| ||und||
040 _e201666
_aMAIN
041 _aEnglish
082 _a345.06 A92S(13)
100 _aAvtar Singh
245 0 _aSakshya vidhi
250 _a13th ed.
260 _aAllahabad
_bCentral Law Agency
_c2003
300 _a463 p.
942 _cBK
999 _c134369
_d134369